000 00805cam a22002531 4500
999 _c5476
_d5476
001 5476
003 BD-JhCC
005 20171218083411.0
008 841003s1943 nyua 000 0 eng
035 _a(BD-JhCC)5476
040 _aDLC/ICU
_cICU
_dDLC
041 _aeng
050 0 0 _aQA533
_b.W4 1943
082 0 0 _a514.5
_bPLA 1943
100 1 _aWeeks, Arthur W.
_q(Arthur William)
245 1 0 _aPlane trigonometry /
_c[by] Arthur W. Weeks and H. Gray Funkhouser
260 _aNew York,
_bD. Van Nostrand company, inc.,
_c1943.
300 _aviii, 193 p.
_billus., diagrs.
_c24 cm.
500 _aA preliminary edition (lithoprinted) was published in 1940.
650 0 _aPlane trigonometry.
700 1 _aFunkhouser, H. Gray
_q(Howard Gray),
_d1898-
942 _2ddc
_cBK